000
00291nam a2200121 a 4500
005
20141022142003.0
008
120308s19uu xx 00 eng d
050
_a
CD
_b
W69 2006
245
_a
Prentice hall nurse's drug guide 2006.
260
_c
2006.
500
_a
mini disc
942
_c
AVM
999
_c
276379
_d
276379